| 000 -LEADER |
| fixed length control field |
00837pab a2200145 454500 |
| 008 - FIXED-LENGTH DATA ELEMENTS--GENERAL INFORMATION |
| fixed length control field |
180718b xxu||||| |||| 00| 0 eng d |
| 100 ## - MAIN ENTRY--PERSONAL NAME |
| Personal name |
Berkman, Omit |
| 245 ## - TITLE STATEMENT |
| Title |
Bureaucracy and bribery: a conceptual framework |
| 520 ## - SUMMARY, ETC. |
| Summary, etc. |
Public bureaucracies carry a potential for bribery. This paper tries to identify and examine the factors affecting the potential or the probability of bribery. It is argued that the specific nature and the probability of bribery depend on the persons involved, the corrupt act in question, the organization in which the event takes place and finally the socio-cultural, economic and political environment within which the organization operates. - Reproduced |
| 650 ## - SUBJECT ADDED ENTRY--TOPICAL TERM |
| Topical term or geographic name entry element |
Corruption |
| 650 ## - SUBJECT ADDED ENTRY--TOPICAL TERM |
| Topical term or geographic name entry element |
Bribery |
| 650 ## - SUBJECT ADDED ENTRY--TOPICAL TERM |
| Topical term or geographic name entry element |
Bureaucracy |
| 773 ## - HOST ITEM ENTRY |
| Main entry heading |
International Journal of Public Administration |
| 909 ## - |
| -- |
22489 |